Normal view
MARC view
Entry Término temático
001 - NÚMERO DE CONTROL
- campo de control: 99517
003 - IDENTIFICADOR DE NÚMERO DE CONTROL
- campo de control: OSt
005 - FECHA Y HORA DE LA ÚLTIMA TRANSACCIÓN
- campo de control: 20241029150816.0
008 - ELEMENTOS DE DATO DE LONGITUD-FIJA
- campo de control de longitud fija: 241029|| aca||aabn | a|a d
040 ## - FUENTE DE CATALOGACIÓN
- Centro catalogador/agencia de origen: OSt
- Centro/agencia transcriptor: OSt
150 ## - ENCABEZAMIENTO--TÉRMINO DE MATERIA
- Término de materia o nombre geográfico como elemento de entrada: Vidrieras-
- Subdivisión geográfica: Gran Bretaña-
- Subdivisión cronológica: Edad media
670 ## - FUENTE DE DATOS ENCONTRADOS
- Cita de la fuente: Work cat.: (OSt)59004: Arnold, Hugh ( 1872-1915) 43038, Stained glass of the middle ages in England and France / , 1925.